| 000 | 00000nam##2200000za#4500 |
| 001 | 9.604360 |
| 003 | CaOODSP |
| 005 | 20210624211538 |
| 007 | cr ||||||||||| |
| 008 | 150406|2006||||xxc|||||o f|0| 0 fre|d |
| 040 | |aCaOODSP|bfre |
| 043 | |an-cn--- |
| 086 | 1 |aTU3-7/06-0039F-PDF |
| 110 | 2 |aBureau de la sécurité des transports du Canada. |
| 245 | 10|aNaufrage avec perte de vie du petit bateau de pêche B.C. Safari près de Qualicum Beach (Colombie-Britannique) le 8 mars 2006 |h[ressource électronique] |
| 260 | |aOttawa - Ontario : |bBureau de la sécurité des transports du Canada |c[2008]. |
| 300 | |a13p.|bfigure, photographies |
| 490 | 1 |aRapport d'enquête maritime |vM06W0039 |
| 590 | |a12-32-Supp|b2012-07-11 |
| 775 | 08|tSinking and loss of life - small fishing vessel B.C. Safari near Qualicum Beach, British Columbia 08 March 2006 |w(CaOODSP)9.574625 |
| 830 | #0|aRapport d'enquête maritime ;|vM06W0039|w(CaOODSP)9.501269 |
| 856 | 40|ahttp://publications.gc.ca|qPDF|s1331 Ko|uhttps://publications.gc.ca/collections/collection_2012/bst-tsb/TU3-7-06-0039-fra.pdf|yM06W0039 |